Guess the lyrics - Six Feet Under, Billie Eilish - Statistics

General Stats
  • This quiz has been taken 14 times
  • The average score is 99 of 150
Answer Stats
Answer % Correct
I
100%
don't
89%
you
89%
a
78%
but
78%
by
78%
can
78%
can't
78%
could
78%
feet
78%
grave
78%
if
78%
it
78%
my
78%
six
78%
the
78%
to
78%
under
78%
was
78%
would
78%
again
67%
again?
67%
and
67%
back
67%
bloom?
67%
bloom
67%
help
67%
is
67%
it's
67%
lost
67%
love
67%
me
67%
myself
67%
our
67%
rain
67%
remember
67%
roses
67%
tell
67%
too
67%
wonder
67%
your
67%
all
56%
come
56%
die
56%
end
56%
for
56%
how
56%
in
56%
lips
56%
much
56%
of
56%
watered
56%
well
56%
won't
56%
you'd
56%
you're
56%
as
44%
away
44%
cold
44%
life
44%
like
44%
smoke
44%
tonight
44%
touch
44%
us
44%
wish
44%
air
33%
blow
33%
carelessly?
33%
down
33%
erase
33%
knife
33%
layin'
33%
playin'
33%
retrace
33%
sound
33%
these
33%
they're
33%
clouds
22%
cryin'
11%
No matching quizzes found
Score Distribution
Percent of People with Each Score
Percentile by Number Answered
Your Score History
You have not taken this quiz